Movies Quiz

Random Movies or Clickable Quiz

'80s Movie Title Match-Up Quiz Stats

Quiz Updated Oct 22, 2015

Challenge
Share
Tweet
Score 0/38 Timer 05:00
2 Plays Today
% Correct
Back to the
99.3%
The Karate
98.7%
The Breakfast
98.7%
The Little
98.4%
When Harry
98.2%
Raiders of the
98.1%
The Empire
98%
Ferris Bueller's
97.9%
Who Framed
97.8%
Pretty in
97.8%
Die
97.6%
Lethal
97.6%
Blade
97.5%
The Blues
97.4%
A Fish
97.4%
Top
97.2%
The Princess
97%
For Your
96.9%
Sixteen
96.6%
% Correct
Risky
96.5%
Full Metal
96.4%
Fatal
96.3%
Chariots of
96.1%
Teen
95.6%
Driving
95.4%
Rain
95%
Raging
94.9%
Mommie
94%
Sudden
93.5%
Out of
93.2%
Uncle
92.7%
Blue
90.6%
First
89.6%
Private
89.2%
This Is
89.1%
Das
88.6%
Bull
85.2%
Prizzi's
81.5%

You're not logged in!

Compare scores with friends on all Sporcle quizzes.
Join for Free
OR
Log In

You Might Also Like...

Show Comments

Extras

Top Quizzes Today


Score Distribution

Your Account Isn't Verified!

In order to create a playlist on Sporcle, you need to verify the email address you used during registration. Go to your Sporcle Settings to finish the process.

Report this User

Report this user for behavior that violates our Community Guidelines.

Details: